Les dissidentes / (Notice n° 43460)

Détails MARC
000 -LEADER
fixed length control field 01550cam a2200469 i 4500
001 - CONTROL NUMBER
control field S012682
003 - CONTROL NUMBER IDENTIFIER
control field OSt
005 - DATE AND TIME OF LATEST TRANSACTION
control field 20260520020005.0
007 - PHYSICAL DESCRIPTION FIXED FIELD--GENERAL INFORMATION
fixed length control field ta
008 - FIXED-LENGTH DATA ELEMENTS--GENERAL INFORMATION
fixed length control field 250710t20252025fr j 000 f fre d
009 - PHYSICAL DESCRIPTION FIXED-FIELD FOR ARCHIVAL COLLECTION (VM) [OBSOLETE]
fixed length control field 4
020 ## - INTERNATIONAL STANDARD BOOK NUMBER
International Standard Book Number 9782278131983
Qualifying information (broché)
024 3# - OTHER STANDARD IDENTIFIER
Standard number or code 9782278131983
035 ## - SYSTEM CONTROL NUMBER
System control number (BTLF)NOT17521894531813
035 ## - SYSTEM CONTROL NUMBER
System control number (SQTD)6049923
035 ## - SYSTEM CONTROL NUMBER
System control number (SDM)S012682
040 ## - CATALOGING SOURCE
Original cataloging agency BTLF
Language of cataloging fre
Description conventions rda
Transcribing agency BTLF
Modifying agency SQTD
-- SDM
-- SQTD
082 04 - DEWEY DECIMAL CLASSIFICATION NUMBER
Classification number NOU
Edition number 23/fre/202602
082 04 - DEWEY DECIMAL CLASSIFICATION NUMBER
Classification number 843/.92 N933d
Edition number 23/fre/202602
100 1# - MAIN ENTRY--PERSONAL NAME
Personal name Noury, Tosca,
Dates associated with a name 2003-
Relator term auteur
9 (RLIN) 1486747ad
Field link and sequence number 1479161ad
245 14 - TITLE STATEMENT
Title Les dissidentes /
Statement of responsibility, etc Tosca Noury.
250 ## - EDITION STATEMENT
Edition statement Tirage limité
300 ## - PHYSICAL DESCRIPTION
Extent 501 pages ;
Dimensions 22 cm
490 1# - SERIES STATEMENT
Series statement Les dissidentes ;
Volume number/sequential designation livre 1
521 ## - TARGET AUDIENCE NOTE
Target audience note J++ 4
590 ## - LOCAL NOTE (RLIN)
Local note J++
650 #6 - SUBJECT ADDED ENTRY--TOPICAL TERM
Topical term or geographic name as entry element Fécondité humaine
Form subdivision Romans, nouvelles, etc.
650 #6 - SUBJECT ADDED ENTRY--TOPICAL TERM
Topical term or geographic name as entry element Dictature
Form subdivision Romans, nouvelles, etc.
650 #6 - SUBJECT ADDED ENTRY--TOPICAL TERM
Topical term or geographic name as entry element Femmes
General subdivision Conditions sociales
Form subdivision Romans, nouvelles, etc.
650 #6 - SUBJECT ADDED ENTRY--TOPICAL TERM
Topical term or geographic name as entry element Fugitifs recherchés par la justice
Form subdivision Romans, nouvelles, etc.
650 #6 - SUBJECT ADDED ENTRY--TOPICAL TERM
Topical term or geographic name as entry element Liberté
Form subdivision Romans, nouvelles, etc.
650 #6 - SUBJECT ADDED ENTRY--TOPICAL TERM
Topical term or geographic name as entry element Amitié
Form subdivision Romans, nouvelles, etc.
650 #6 - SUBJECT ADDED ENTRY--TOPICAL TERM
Topical term or geographic name as entry element Entraide
Form subdivision Romans, nouvelles, etc.
650 #6 - SUBJECT ADDED ENTRY--TOPICAL TERM
Topical term or geographic name as entry element Roman pour jeunes adultes.
651 #6 - SUBJECT ADDED ENTRY--GEOGRAPHIC NAME
Geographic name France
Form subdivision Romans, nouvelles, etc.
655 #7 - INDEX TERM--GENRE/FORM
Genre/form data or focus term Romans dystopiques
Source of term rvmgf
655 #7 - INDEX TERM--GENRE/FORM
Genre/form data or focus term Romans sociaux
Source of term rvmgf
655 #7 - INDEX TERM--GENRE/FORM
Genre/form data or focus term Romans français
Chronological subdivision 21e siècle
Source of term local
800 1# - SERIES ADDED ENTRY--PERSONAL NAME
Personal name Noury, Tosca,
Dates associated with a name 2003-
Title of a work Dissidentes ;
Volume/sequential designation 1.
9 (RLIN) 1583320adt
Field link and sequence number 1583362adt
908 ## - PUT COMMAND PARAMETER (RLIN)
Put command parameter SDM
942 ## - ADDED ENTRY ELEMENTS (KOHA)
Source of classification or shelving scheme Dewey Decimal Classification
Koha item type Livre
Koha issues (borrowed), all copies 1
Exemplaires
Withdrawn status Lost status Source of classification or shelving scheme Damaged status Not for loan Home library Current library Date acquired Total Checkouts Full call number Barcode Date last seen Date checked out Price effective from Koha item type
    Dewey Decimal Classification     Main Library Main Library 24/04/2026 1 NOU 209052 01/06/2026 19/05/2026 24/04/2026 Livre